<?xml version="1.0" encoding="UTF-8"?>
<record
    xmlns:xsi="http://www.w3.org/2001/XMLSchema-instance"
    xsi:schemaLocation="http://www.loc.gov/MARC21/slim http://www.loc.gov/standards/marcxml/schema/MARC21slim.xsd"
    xmlns="http://www.loc.gov/MARC21/slim">

  <leader>00654nam a2200169Ia 4500</leader>
  <controlfield tag="005">20250421174538.0</controlfield>
  <controlfield tag="008">231217s9999    xx            000 0 und d</controlfield>
  <datafield tag="020" ind1=" " ind2=" ">
    <subfield code="a">9789350040430</subfield>
  </datafield>
  <datafield tag="082" ind1=" " ind2=" ">
    <subfield code="a">001.6424NET  KOG;1</subfield>
  </datafield>
  <datafield tag="100" ind1=" " ind2=" ">
    <subfield code="a">Kogent Learning Solutions Inc.</subfield>
  </datafield>
  <datafield tag="245" ind1=" " ind2="0">
    <subfield code="a">.Net 4.0 programming 6-in-1 : covers .Net 4.0 framework, visual studio 2010, C# 2010, ASP .Net 4.0, VB 2010 and F# 2010 black book</subfield>
  </datafield>
  <datafield tag="260" ind1=" " ind2=" ">
    <subfield code="c">2011</subfield>
    <subfield code="b">Dreamtech Press</subfield>
    <subfield code="a">New Delhi</subfield>
  </datafield>
  <datafield tag="300" ind1=" " ind2=" ">
    <subfield code="a">xxxiv, 1761</subfield>
  </datafield>
  <datafield tag="500" ind1=" " ind2=" ">
    <subfield code="a">CD-6173</subfield>
  </datafield>
  <datafield tag="650" ind1=" " ind2=" ">
    <subfield code="a">.Net,4.0,programming,6-in-1,covers,.Net,4.0,framework,,visual,studio,2010,,C#,2010,,ASP,.Net,4.0,,VB,2010,F#,2010,black</subfield>
  </datafield>
  <datafield tag="942" ind1=" " ind2=" ">
    <subfield code="c">AA</subfield>
  </datafield>
  <datafield tag="999" ind1=" " ind2=" ">
    <subfield code="c">195290</subfield>
    <subfield code="d">195290</subfield>
  </datafield>
  <datafield tag="952" ind1=" " ind2=" ">
    <subfield code="r">2024-01-26 00:00:00</subfield>
    <subfield code="l">0</subfield>
    <subfield code="o">001.6424NET  KOG;1</subfield>
    <subfield code="p">86305</subfield>
    <subfield code="W">25</subfield>
    <subfield code="v">524.25</subfield>
    <subfield code="w">2024-01-26</subfield>
    <subfield code="y">AA</subfield>
    <subfield code="1">0</subfield>
    <subfield code="4">0</subfield>
    <subfield code="7">0</subfield>
    <subfield code="8">MCA</subfield>
    <subfield code="0">0</subfield>
    <subfield code="K">73187</subfield>
    <subfield code="L">15/03/2021</subfield>
    <subfield code="a">ML</subfield>
    <subfield code="b">ML</subfield>
    <subfield code="c">MCA</subfield>
    <subfield code="d">2013-06-17</subfield>
    <subfield code="e">Book Paradise</subfield>
    <subfield code="g">699.00</subfield>
    <subfield code="E">MCA</subfield>
    <subfield code="G">RS</subfield>
    <subfield code="F">1</subfield>
    <subfield code="V">174.75</subfield>
    <subfield code="U">Rupees</subfield>
  </datafield>
  <datafield tag="952" ind1=" " ind2=" ">
    <subfield code="r">2024-04-01 00:00:00</subfield>
    <subfield code="l">1</subfield>
    <subfield code="o">001.6424NET  KOG;2  R</subfield>
    <subfield code="p">86306</subfield>
    <subfield code="W">25</subfield>
    <subfield code="q">2014-07-10</subfield>
    <subfield code="s">2024-04-01</subfield>
    <subfield code="v">524.25</subfield>
    <subfield code="w">2024-01-26</subfield>
    <subfield code="y">AA</subfield>
    <subfield code="1">0</subfield>
    <subfield code="4">0</subfield>
    <subfield code="7">0</subfield>
    <subfield code="8">CL</subfield>
    <subfield code="0">0</subfield>
    <subfield code="K">73187</subfield>
    <subfield code="L">15/03/2021</subfield>
    <subfield code="a">ML</subfield>
    <subfield code="b">ML</subfield>
    <subfield code="c">CL</subfield>
    <subfield code="d">2013-06-17</subfield>
    <subfield code="e">Book Paradise</subfield>
    <subfield code="g">699.00</subfield>
    <subfield code="E">MCA</subfield>
    <subfield code="G">RS</subfield>
    <subfield code="F">1</subfield>
    <subfield code="V">174.75</subfield>
    <subfield code="U">Rupees</subfield>
  </datafield>
  <datafield tag="952" ind1=" " ind2=" ">
    <subfield code="r">2024-01-26 00:00:00</subfield>
    <subfield code="l">0</subfield>
    <subfield code="o">001.6424NET  KOG;3  R1</subfield>
    <subfield code="p">86307</subfield>
    <subfield code="W">25</subfield>
    <subfield code="v">524.25</subfield>
    <subfield code="w">2024-01-26</subfield>
    <subfield code="y">AA</subfield>
    <subfield code="1">0</subfield>
    <subfield code="4">0</subfield>
    <subfield code="7">0</subfield>
    <subfield code="8">CL</subfield>
    <subfield code="0">0</subfield>
    <subfield code="K">73187</subfield>
    <subfield code="L">15/03/2021</subfield>
    <subfield code="a">ML</subfield>
    <subfield code="b">ML</subfield>
    <subfield code="c">CL</subfield>
    <subfield code="d">2013-06-17</subfield>
    <subfield code="e">Book Paradise</subfield>
    <subfield code="g">699.00</subfield>
    <subfield code="E">MCA</subfield>
    <subfield code="G">RS</subfield>
    <subfield code="F">1</subfield>
    <subfield code="V">174.75</subfield>
    <subfield code="U">Rupees</subfield>
  </datafield>
</record>
